| 000 | 01953nam a2200469Ii 4500 | ||
|---|---|---|---|
| 001 | DIGDJUST0155 | ||
| 003 | NyNyDIG | ||
| 006 | m o d | ||
| 007 | cr ||||||||||| | ||
| 008 | 250101s2023 ck a ob 000 0 spa d | ||
| 035 | _a(OCoLC)1453441927 | ||
| 040 |
_aDGITA _beng _erda _epn _cDGITA |
||
| 020 |
_a9786287517639 _qedición digital |
||
| 020 |
_z9786287517622 _qedición impresa |
||
| 041 | 0 |
_aspa _bspa _beng |
|
| 043 | _acl----- | ||
| 050 | 1 | 4 | _aGN468 ebook |
| 245 | 0 | 0 |
_aOntologías indígenas en el derecho internacional : _breconocimiento, cosmologías territoriales y feminismos comunitarios en América Latina / _cPaulo Ilich Bacca, Damaris Paola Rozo López y Mariana Camacho Muñoz (editoras). |
| 250 | _aPrimera edición. | ||
| 264 | 1 |
_aBogotá, Colombia : _bEditorial Dejusticia, _c[2023] |
|
| 300 |
_a1 online resource : _billustrations. |
||
| 336 |
_atext _btxt _2rdacontent |
||
| 337 |
_acomputer _bc _2rdamedia |
||
| 338 |
_aonline resource _bcr _2rdacarrier |
||
| 347 |
_atext file _2rdaft |
||
| 347 | _bPDF | ||
| 504 | _aIncludes bibliographical references. | ||
| 546 | _aText in Spanish with abstract in Spanish and English. | ||
| 588 | 0 | _aOnline resource; title from PDF title page (Digitalia, viewed January 1, 2025) | |
| 650 | 0 |
_aEthnophilosophy _zLatin America. |
|
| 650 | 0 | _aIndigenous peoples. | |
| 650 | 0 | _aInternational law. | |
| 700 | 1 |
_aBacca Benavides, Paulo Ilich, _eeditor. |
|
| 700 | 1 |
_aRozo López, Damaris Paola, _eeditor. |
|
| 700 | 1 |
_aCamacho Muñoz, Mariana, _eeditor. |
|
| 776 | 0 | 8 |
_iPrint version: _tOntologías indígenas en el derecho internacional. _bPrimera edición. _dBogotá, Colombia : Editorial Dejusticia, [2023] _z9786287517622 |
| 791 | 2 |
_aDigitalia (Firm), _edistributor. |
|
| 793 | 0 |
_gDigitalia eBook Collection: _aDejusticia |
|
| 856 | 4 | 0 |
_3Digitalia Hispánica _uhttps://www.digitaliapublishing.com/a/156530/ |
| 910 | _aPremium collection: 2025 | ||
| 942 | _cRAA | ||
| 999 |
_c286521 _d286521 |
||